Solving ordinary differential equations ii : (Record no. 355837)

000 -LEADER
fixed length control field 00635 a2200193 4500
020 ## - INTERNATIONAL STANDARD BOOK NUMBER
International Standard Book Number 3642052207
020 ## - INTERNATIONAL STANDARD BOOK NUMBER
International Standard Book Number 9783642052200
082 ## - DEWEY DECIMAL CLASSIFICATION NUMBER
Classification number 515.352
090 ## - LOCALLY ASSIGNED LC-TYPE CALL NUMBER (OCLC); LOCAL CALL NUMBER (RLIN)
-- 1694
-- 1694
100 1# - MAIN ENTRY--PERSONAL NAME
Personal name Hairer, Ernst.
245 10 - TITLE STATEMENT
Title Solving ordinary differential equations ii :
Remainder of title stiff and differential-algebraic problems /
Statement of responsibility, etc. Ernst Hairer, Gerhard Wanner.
250 ## - EDITION STATEMENT
Edition statement 2nd Revised ed.
260 ## - PUBLICATION, DISTRIBUTION, ETC.
Place of publication, distribution, etc. [S.l.] :
Name of publisher, distributor, etc. Springer,
Date of publication, distribution, etc. 2010.
300 ## - PHYSICAL DESCRIPTION
Extent 614 p. ;
Dimensions 24 cm.
490 1# - SERIES STATEMENT
Series statement Springer series in computational mathematics.
700 1# - ADDED ENTRY--PERSONAL NAME
Personal name Wanner, Gerhard.
830 #0 - SERIES ADDED ENTRY--UNIFORM TITLE
Uniform title Springer series in computational mathematics.
942 ## - ADDED ENTRY ELEMENTS (KOHA)
Institution code [OBSOLETE] SNS
Koha item type Book
Call number prefix 515.352 HAI
Holdings
Withdrawn status Lost status Source of classification or shelving scheme Damaged status Not for loan Collection code Permanent Location Current Location Shelving location Date acquired Source of acquisition Cost, normal purchase price Total Checkouts Full call number Barcode Date last seen Price effective from Koha item type
            US-Pakistan Center for Advanced Studies in Energy (USPCAS-E) US-Pakistan Center for Advanced Studies in Energy (USPCAS-E)   12/28/2015 Progressive 6229.00   518 HAI-S 2010 CAS-E0000947 12/28/2015 12/28/2015 Book
            US-Pakistan Center for Advanced Studies in Energy (USPCAS-E) US-Pakistan Center for Advanced Studies in Energy (USPCAS-E)   12/28/2015 Progressive 6229.00   518 HAI-S 2010 CAS-E0000948 12/28/2015 12/28/2015 Book
© 2023 Central Library, National University of Sciences and Technology. All Rights Reserved.